[Event "FRA-chT Top 12"]
[Site "Chartres"]
[Date "2017.05.27"]
[Round "10.1"]
[White "Nataf, Igor Alexandre"]
[Black "Kryvoruchko, Yuriy"]
[Result "0-1"]
[WhiteElo "2535"]
[BlackElo "2714"]
[PlyCount "74"]
[EventDate "2017.05.18"]
[EventType "team-tourn"]
[EventRounds "11"]
[EventCountry "FRA"]
[SourceTitle "CBM 178 Extra"]
[Source "ChessBase"]
[SourceDate "2017.06.22"]
[SourceVersion "1"]
[SourceVersionDate "2017.06.22"]
[SourceQuality "1"]
[WhiteTeam "Strasbourg"]
[BlackTeam "Grasse Echecs"]
[WhiteTeamCountry "FRA"]
[BlackTeamCountry "FRA"]

1. e4 e5 2. Nf3 Nc6 3. d4 exd4 4. Nxd4 Nf6 5. Nxc6 bxc6 6. e5 Qe7 7. Qe2 Nd5 8. c4 Ba6 9. Qe4 Nf6 10. Qe2 Nd5 11. Qe4 Nb6 12. Nc3 g6 13. c5 Bxf1 14. cxb6 f5 15. b7 Rd8 16. Qe3 Bxg2 17. Rg1 Bd5 18. Qxa7 Qxe5+ 19. Be3 Bb4 20. b8Q Bxc3+ 21. bxc3 Qxc3+ 22. Ke2 Rxb8 23. Qxb8+ Kf7 24. Qb1 f4 25. Qc1 Qe5 26. Rf1 Re8 27. a4 Qe4 28. Qc3 Bc4+ 29. Kd2 Bxf1 30. Rxf1 fxe3+ 31. fxe3+ Kg8 32. Qb3+ d5 33. Rf2 c5 34. a5 c4 35. Qc3 Rb8 36. a6 Qb1 37. Qa5 Qd3+ 0-1

[Event "FRA-chT Top 12"]
[Site "Chartres"]
[Date "2017.05.21"]
[Round "4.4"]
[White "Shoker, Samy"]
[Black "Nataf, Igor Alexandre"]
[Result "1-0"]
[WhiteElo "2498"]
[BlackElo "2535"]
[PlyCount "105"]
[EventDate "2017.05.18"]
[EventType "team-tourn"]
[EventRounds "11"]
[EventCountry "FRA"]
[SourceTitle "CBM 178 Extra"]
[Source "ChessBase"]
[SourceDate "2017.06.22"]
[SourceVersion "1"]
[SourceVersionDate "2017.06.22"]
[SourceQuality "1"]
[WhiteTeam "Bois Colombes"]
[BlackTeam "Strasbourg"]
[WhiteTeamCountry "FRA"]
[BlackTeamCountry "FRA"]

1. g3 g6 2. Bg2 Bg7 3. d3 e5 4. Nf3 d6 5. 0-0 Nf6 6. c4 0-0 7. Nc3 Nc6 8. Rb1 a5 9. a3 h6 10. b4 axb4 11. axb4 Be6 12. b5 Ne7 13. Bb2 Qd7 14. Re1 Bh3 15. Bh1 Ng4 16. Qb3 f5 17. c5+ Kh7 18. b6 dxc5 19. bxc7 Qxc7 20. Ba1 Rab8 21. Qb6 Qxb6 22. Rxb6 Nc8 23. Rb5 b6 24. Reb1 e4 25. dxe4 Nd6 26. exf5 Nxb5 27. fxg6+ Kh8 28. Nxb5 Bxa1 29. Rxa1 Ra8 30. Re1 Ra2 31. Bg2 Bxg2 32. Kxg2 Re8 33. h3 Nf6 34. Kf1 Rea8 35. Nc7 R8a7 36. Ne6 Ra1 37. Ne5 Rxe1+ 38. Kxe1 Kg8 39. Nf7 h5 40. Nh6+ Kh8 41. f4 c4 42. g4 hxg4 43. hxg4 c3 44. g7+ Rxg7 45. Nxg7 Ne4 46. Kd1 Kxg7 47. Nf5+ Kf6 48. Kc2 b5 49. Nd4 b4 50. Kb3 Ng3 51. e3 Nf1 52. Nc2 Nh2 53. g5+ 1-0

[Event "FRA-chT Top 12"]
[Site "Chartres"]
[Date "2017.05.20"]
[Round "3.1"]
[White "Nataf, Igor Alexandre"]
[Black "Navara, David"]
[Result "0-1"]
[WhiteElo "2535"]
[BlackElo "2739"]
[PlyCount "82"]
[EventDate "2017.05.18"]
[EventType "team-tourn"]
[EventRounds "11"]
[EventCountry "FRA"]
[SourceTitle "CBM 178 Extra"]
[Source "ChessBase"]
[SourceDate "2017.06.22"]
[SourceVersion "1"]
[SourceVersionDate "2017.06.22"]
[SourceQuality "1"]
[WhiteTeam "Strasbourg"]
[BlackTeam "Mulhouse Philidor"]
[WhiteTeamCountry "FRA"]
[BlackTeamCountry "FRA"]

1. e4 c5 2. Nf3 e6 3. d4 cxd4 4. Nxd4 Nc6 5. Nc3 Qc7 6. Be2 a6 7. 0-0 Nf6 8. Be3 Be7 9. f4 d6 10. a4 0-0 11. Kh1 Re8 12. Qe1 Bd7 13. Qg3 Bf8 14. Rad1 Rac8 15. Nf3 g6 16. e5 Nh5 17. Qf2 f5 18. exd6 Bxd6 19. Bb6 Qb8 20. Ne5 Nf6 21. Nxd7 Nxd7 22. Be3 Qc7 23. Bf3 Na5 24. Ne2 Nc4 25. Bc1 Bc5 26. Nd4 Nf6 27. Qe2 Bxd4 28. Rxd4 e5 29. fxe5 Nxe5 30. Bf4 Nxf3 31. Qxf3 Qb6 32. Rd6 Qxb2 33. Bc1 Qxc2 34. Rxf6 Qxc1 35. Qd5+ Kh8 36. R6xf5 gxf5 37. Qd4+ Kg8 38. Qd5+ Kg7 39. Qd7+ Kh6 40. Qd6+ Kh5 41. g4+ fxg4 0-1

[Event "FRA-chT Top 12"]
[Site "Drancy"]
[Date "2016.05.28"]
[Round "1.6"]
[White "Heimann, Andreas"]
[Black "Nataf, Igor Alexandre"]
[Result "1-0"]
[WhiteElo "2578"]
[BlackElo "2531"]
[PlyCount "109"]
[EventDate "2016.05.28"]
[EventType "team-tourn"]
[EventRounds "11"]
[EventCountry "FRA"]
[SourceTitle "CBM 172 Extra"]
[Source "ChessBase"]
[SourceDate "2016.06.21"]
[SourceVersion "1"]
[SourceVersionDate "2016.06.21"]
[SourceQuality "1"]
[WhiteTeam "Mulhouse Philidor"]
[BlackTeam "Strasbourg"]
[WhiteTeamCountry "FRA"]
[BlackTeamCountry "FRA"]

1. d4 Nf6 2. c4 g6 3. Nc3 Bg7 4. e4 d6 5. Nf3 0-0 6. h3 e5 7. d5 a5 8. g4 Na6 9. Be3 Nc5 10. Nd2 c6 11. Be2 a4 12. g5 Ne8 13. h4 f5 14. a3 Bd7 15. Qc2 Nc7 16. 0-0-0 N7a6 17. Kb1 Rb8 18. h5 Rf7 19. Rh4 f4 20. Bxc5 Nxc5 21. hxg6 hxg6 22. Nf3 cxd5 23. Rxd5 Bc6 24. Rd1 Ra8 25. Nd5 Rc8 26. Bf1 b5 27. cxb5 Bxd5 28. Rxd5 Nb3 29. Rxd6 Qxd6 30. Qxc8+ Bf8 31. Qc2 Rc7 32. Bc4+ Kg7 33. Rh1 Na5 34. Nd2 Qd4 35. Rc1 Be7 36. Qc3 Qxc3 37. Rxc3 Bxg5 38. Bd5 Rxc3 39. bxc3 Be7 40. b6 Bxa3 41. b7 Bd6 42. c4 Nb3 43. Nxb3 axb3 44. c5 Bb8 45. Kb2 Kf6 46. Kxb3 Ke7 47. Kb4 Kd7 48. Ka5 Kc7 49. f3 Ba7 50. Kb5 Bb8 51. Ka6 g5 52. Ka5 Ba7 53. Kb5 Bb8 54. Ka5 Ba7 55. Kb5 1-0

[Event "FRA-chT Top 12"]
[Site "Montpellier"]
[Date "2015.06.09"]
[Round "11.1"]
[White "Nataf, Igor Alexandre"]
[Black "Sokolov, Ivan"]
[Result "1/2-1/2"]
[WhiteElo "2534"]
[BlackElo "2623"]
[PlyCount "46"]
[EventDate "2015.05.30"]
[EventType "team-tourn"]
[EventRounds "11"]
[EventCountry "FRA"]
[SourceTitle "CBM 166 Extra"]
[Source "ChessBase"]
[SourceDate "2015.06.18"]
[SourceVersion "1"]
[SourceVersionDate "2015.06.18"]
[SourceQuality "1"]
[WhiteTeam "Strasbourg"]
[BlackTeam "Chalons en Champagne"]
[WhiteTeamCountry "FRA"]
[BlackTeamCountry "FRA"]

1. e4 e5 2. Nf3 Nc6 3. Bc4 g6 4. c3 Bg7 5. d4 d6 6. dxe5 dxe5 7. Qxd8+ Nxd8 8. Na3 a6 9. Nc2 Nf6 10. Nxe5 Nxe4 11. Nf3 Be6 12. Bd3 Nc5 13. Be2 Bf5 14. Be3 Bxc2 15. Bxc5 Ne6 16. Be3 0-0-0 17. Ng5 Nxg5 18. Bxg5 Rde8 19. Be3 f5 20. 0-0 h5 21. Rac1 Be4 22. Bc4 Bf6 23. Rcd1 g5 1/2-1/2

[Event "FRA-chT Top 12"]
[Site "Montpellier"]
[Date "2015.06.08"]
[Round "10.1"]
[White "Giri, Anish"]
[Black "Nataf, Igor Alexandre"]
[Result "1-0"]
[WhiteElo "2776"]
[BlackElo "2534"]
[PlyCount "67"]
[EventDate "2015.05.30"]
[EventType "team-tourn"]
[EventRounds "11"]
[EventCountry "FRA"]
[SourceTitle "CBM 166 Extra"]
[Source "ChessBase"]
[SourceDate "2015.06.18"]
[SourceVersion "1"]
[SourceVersionDate "2015.06.18"]
[SourceQuality "1"]
[WhiteTeam "Bischwiller"]
[BlackTeam "Strasbourg"]
[WhiteTeamCountry "FRA"]
[BlackTeamCountry "FRA"]

1. Nf3 Nf6 2. c4 g6 3. g3 Bg7 4. Bg2 c6 5. b3 0-0 6. Bb2 d6 7. d4 Qa5+ 8. Qd2 Qxd2+ 9. Nfxd2 d5 10. Nc3 Rd8 11. e3 Na6 12. 0-0 Be6 13. Rfd1 Rac8 14. a3 b6 15. Rac1 Nb8 16. Ba1 Bg4 17. Re1 Be6 18. Ne2 Bf5 19. Nc3 Be6 20. h3 h5 21. Red1 Kf8 22. Bf1 c5 23. dxc5 Rxc5 24. Nf3 Rdc8 25. Na4 R5c7 26. Be5 Rb7 27. Nd4 Bd7 28. Nc3 e6 29. Bg2 Nc6 30. Bd6+ Kg8 31. cxd5 Nxd4 32. exd4 Ne8 33. dxe6 Nxd6 34. Bxb7 1-0

[Event "FRA-chT Top 12"]
[Site "Montpellier"]
[Date "2015.06.07"]
[Round "9.1"]
[White "Nataf, Igor Alexandre"]
[Black "Donchenko, Alexander"]
[Result "1/2-1/2"]
[WhiteElo "2534"]
[BlackElo "2570"]
[PlyCount "115"]
[EventDate "2015.05.30"]
[EventType "team-tourn"]
[EventRounds "11"]
[EventCountry "FRA"]
[SourceTitle "CBM 166 Extra"]
[Source "ChessBase"]
[SourceDate "2015.06.18"]
[SourceVersion "1"]
[SourceVersionDate "2015.06.18"]
[SourceQuality "1"]
[WhiteTeam "Strasbourg"]
[BlackTeam "Vandoeuvre"]
[WhiteTeamCountry "FRA"]
[BlackTeamCountry "FRA"]

1. e4 g6 2. d4 Bg7 3. f4 d6 4. Nc3 Nf6 5. Bd3 Bg4 6. Nf3 e5 7. dxe5 dxe5 8. fxe5 Nfd7 9. e6 fxe6 10. h3 Bxf3 11. Qxf3 Ne5 12. Qg3 0-0 13. Bg5 Nxd3+ 14. cxd3 Qd7 15. 0-0-0 Nc6 16. Be3 b5 17. Ne2 b4 18. Kb1 b3 19. a3 Rab8 20. d4 Na5 21. Qe1 Nc4 22. Qc3 Qb5 23. Rhe1 c5 24. Rc1 Nxe3 25. Qxe3 cxd4 26. Nxd4 Qe5 27. Rc4 Rbc8 28. Rxc8 Rxc8 29. Qxb3 Rb8 30. Qxe6+ Qxe6 31. Nxe6 Rxb2+ 32. Kc1 Rxg2 33. Nxg7 Kxg7 34. Rd1 Rf2 35. Rd5 Rf3 36. Rd7+ Rf7 37. Rd5 Re7 38. Rd4 Kf6 39. Kd2 Kg5 40. Ke3 Kh4 41. e5+ Kxh3 42. Kf4 g5+ 43. Kxg5 Rxe5+ 44. Kh6 Re7 45. Rf4 Kg3 46. Rf6 Kg4 47. a4 Rd7 48. Rf1 a5 49. Rg1+ Kf4 50. Rh1 Ke4 51. Rh4+ Kd3 52. Rh5 Ra7 53. Rb5 Kc4 54. Kh5 Ra6 55. Kg5 h6+ 56. Kh5 Kc3 57. Kh4 Kc4 58. Kh5 1/2-1/2

[Event "FRA-chT Top 12"]
[Site "Montpellier"]
[Date "2015.06.04"]
[Round "6"]
[White "Nataf, Igor Alexandre"]
[Black "Apicella, Manuel"]
[Result "1/2-1/2"]
[WhiteElo "2534"]
[BlackElo "2510"]
[PlyCount "41"]
[EventDate "2015.05.30"]
[EventType "team-tourn"]
[EventRounds "11"]
[EventCountry "FRA"]
[SourceTitle "CBM 166 Extra"]
[Source "ChessBase"]
[SourceDate "2015.06.18"]
[SourceVersion "1"]
[SourceVersionDate "2015.06.18"]
[SourceQuality "1"]
[WhiteTeam "Strasbourg"]
[BlackTeam "Grasse Echecs"]
[WhiteTeamCountry "FRA"]
[BlackTeamCountry "FRA"]

1. e4 e6 2. d4 d5 3. Nc3 Bb4 4. exd5 exd5 5. Bd3 Nc6 6. a3 Bxc3+ 7. bxc3 Nf6 8. Ne2 0-0 9. 0-0 Bg4 10. f3 Bh5 11. Nf4 Bg6 12. Nxg6 hxg6 13. g4 Ne8 14. Qe1 Nd6 15. h4 Qd7 16. h5 gxh5 17. Qh4 f5 18. Qxh5 Qf7 19. Qxf7+ Rxf7 20. Bf4 fxg4 21. Bxd6 1/2-1/2

[Event "FRA-chT Top 12"]
[Site "Montpellier"]
[Date "2015.06.01"]
[Round "3.3"]
[White "Flom, Gabriel"]
[Black "Nataf, Igor Alexandre"]
[Result "1-0"]
[WhiteElo "2451"]
[BlackElo "2534"]
[PlyCount "91"]
[EventDate "2015.05.30"]
[EventType "team-tourn"]
[EventRounds "11"]
[EventCountry "FRA"]
[SourceTitle "CBM 166 Extra"]
[Source "ChessBase"]
[SourceDate "2015.06.18"]
[SourceVersion "1"]
[SourceVersionDate "2015.06.18"]
[SourceQuality "1"]
[WhiteTeam "Evry Grand Roque"]
[BlackTeam "Strasbourg"]
[WhiteTeamCountry "FRA"]
[BlackTeamCountry "FRA"]

1. d4 Nf6 2. c4 g6 3. Nc3 Bg7 4. e4 d6 5. f3 0-0 6. Be3 c5 7. dxc5 dxc5 8. Qxd8 Rxd8 9. Bxc5 Nc6 10. Nge2 Nd7 11. Be3 Nde5 12. Nf4 Na5 13. Ncd5 Nexc4 14. Bc5 e6 15. Nc7 Bxb2 16. Rd1 Rxd1+ 17. Kxd1 b6 18. Nxa8 bxc5 19. Bxc4 Nxc4 20. Nd3 Bd4 21. Ke2 Na3 22. Nc7 Bd7 23. Rc1 c4 24. Nf2 Ba4 25. Nd1 Bc2 26. Na6 Bd3+ 27. Ke1 Bb6 28. Nb2 Nc2+ 29. Kd1 Ne3+ 30. Kd2 Nf1+ 31. Kc3 Ba5+ 32. Nb4 Ne3 33. N2xd3 cxd3 34. Kxd3 Nxg2 35. Rc8+ Kg7 36. Nc6 Bb6 37. a4 Nf4+ 38. Kc4 Bg1 39. a5 h5 40. a6 h4 41. Rc7 Bxh2 42. Ne5 Ne2 43. Rxf7+ Kg8 44. Rxa7 Bxe5 45. Rd7 Bd4 46. Rxd4 1-0